Articulado del trabajo preparatorio que modifica el Código de Procedimiento Penal
Saved in:
| 主要作者: | |
|---|---|
| 格式: | 圖書 |
| 語言: | 西班牙语 |
| 出版: |
Santiago
Ministerio de Justicia
1970
|
| 主題: | |
| 標簽: |
添加標簽
沒有標簽, 成為第一個標記此記錄!
|
MARC
| LEADER | 00000nam a2200000 a 4500 | ||
|---|---|---|---|
| 001 | UCS1213 | ||
| 003 | CL-VaPUC | ||
| 008 | 970509e19700000CL |||||||||||||||||spa|d | ||
| 082 | 0 | 4 | |a 345.05 |b GAL |2 21 |
| 100 | |a Galecio Gómez, Rubén |e autor |9 764266 | ||
| 245 | 1 | 0 | |a Articulado del trabajo preparatorio que modifica el Código de Procedimiento Penal |
| 300 | |a 151 h | ||
| 942 | |c BK | ||
| 945 | |d 19970509 00:00:00 |a paguirre | ||
| 260 | |a Santiago |b Ministerio de Justicia |c 1970 | ||
| 650 | 0 | |a Procedimiento penal |9 254974 | |
| 650 | 0 | |a Códigos |9 352314 | |
| 650 | 0 | |a Derecho procesal penal |9 256392 | |
| 650 | 0 | |a Jurisdicción |9 255090 | |
| 650 | 0 | |a Delitos |9 224143 | |
| 651 | 7 | |a CHILE |2 CL-VaPUC |9 385486 | |
| 583 | |a last modification |c 19970509 00:00:00 |k Rodrigo Vera | ||
| 999 | |c 259313 |d 259311 | ||
| 952 | |0 0 |1 0 |4 0 |6 345_050000000000000_GAL_1970 |7 0 |8 A |9 283969 |a BIBDER |b BIBDER |d 2019-11-19 |i 1841610 |o 345.05 GAL 1970 |p 1841610 |r 2019-11-19 |w 2019-11-19 |y BK |k DER | ||